Loading...
| Fine Arts - Auditory Fine Arts | 4 | 2 | 1 | 0 | 75 | 14 | 53.83 | 5 | 6 |
| Literature - British Literature | 1 | 2 | 0 | 0 | 35 | 61 | 90.33 | 0 | 3 |
| Fine Arts - Other Fine Arts | 1 | 1 | 0 | 0 | 25 | 57 | 85.00 | 1 | 2 |
| Literature - European Literature | 1 | 1 | 1 | 0 | 20 | 65 | 95.50 | 1 | 1 |
| Literature - World Literature | 0 | 2 | 0 | 1 | 20 | 94 | 118.50 | 1 | 1 |
| History - Other History | 1 | 0 | 0 | 0 | 15 | 39 | 39.00 | 1 | 1 |
| Pop Culture | 0 | 1 | 0 | 0 | 10 | 126 | 126.00 | 0 | 0 |
| History - European History | 0 | 1 | 0 | 0 | 10 | 96 | 96.00 | 0 | 1 |
| History - American History | 0 | 1 | 0 | 0 | 10 | 102 | 102.00 | 1 | 1 |
| Mythology | 0 | 1 | 0 | 0 | 10 | 91 | 91.00 | 0 | 1 |
| Mythology- Edited | 0 | 1 | 0 | 0 | 10 | 124 | 124.00 | 0 | 0 |
| Philosophy | 0 | 1 | 0 | 0 | 10 | 94 | 94.00 | 0 | 1 |
| Literature - American Literature | 0 | 0 | 1 | 0 | -5 | 0.00 | 0 | 0 |